000 00592nam a22001817a 4500
008 250613b |||||||| |||| 00| 0 eng d
020 _a9780553175226
040 _aCUZ
_beng
_crda
_dCUZ
_erda
050 _aPR6058 WAT
100 _aRobert H. Waterman,JR
245 _aThe renewal factor:
_bBuilding and maintaining your company's competitive edge
_cby Robert H. Waterman,JR
264 _aLondon
_bBantam books
_c©1988
300 _aextent xiv, 338pages
336 _atext
_btxt
337 _aunmediated
_bn
338 _2rdacarrier
942 _cOS
_i6058
_kPR
999 _c45139
_d45139